| 000 | 00807nam a22002177a 4500 | ||
|---|---|---|---|
| 005 | 20140728144405.0 | ||
| 010 | _aENG-110050 | ||
| 020 |
_a9789380607917 _c995.00 |
||
| 035 | _aEN-93583 | ||
| 037 | _bDBAD/PUB | ||
| 082 | _a305.80095414 | ||
| 100 | _aChattopadhyay,Pradip | ||
| 245 |
_aRedefining tribal identity : _cby Pradip Chattopadhyay _bthe changing identity of the Santhals in South-West Bengal / |
||
| 260 |
_a Delhi _bPrimus Books _c2014 |
||
| 270 |
_aVirat Bhavan ,Mukherjee Nagar Commercial Complex _b Delhi _e110009 |
||
| 300 |
_ax,252p. : _bill.,maps _c24cm(Hb) |
||
| 500 | _a Includes bibliographical references (pages 229-233) and index. | ||
| 650 |
_a Santal (South Asian people) _zIndia _zWest Bengal _xHistory. |
||
| 700 | _a | ||
| 942 |
_2ddc _cEN _mCHA _h305.80095414 |
||
| 999 |
_c84415 _d84415 |
||